Nazwij regiony/dzielnice Bydgoszczy/name regions of Bydgoszcz - Statystyki

Ogólne statystyki
  • Ten quiz został rozwiązany 14 razy
  • Średni wynik to 9 z 36
Statystyki odpowiedzi
Hint Odpowiedź % Poprawnych
Znane z klubu pilkarskiego/Famous from football club Zawisza
92%
Ś- Śródmieście
75%
W- Wyżyny
67%
231 pop Myślęcinek
50%
32 760 pop Szwederowo
50%
2,03 km² Bartodzieje
42%
6.622 pop bielawy
33%
1.29 km² Błonie
33%
3.11 km² Miedzyń
33%
0.59 km² Wilczak
33%
0,89 km² Babia Wieś
25%
1.224 pop brdyujście
25%
11 779 pop Osiedle Leśne
25%
9 POP....... Rynkowo
25%
2.32 km² Smukala Dolna
25%
S- F- Stary Fordon
25%
11 430 pop Wzgórze Wolności
25%
0.60 km² Biedaszkowo
17%
3.63 km² Czyżkówko
17%
D- Ś- Dolina Śmierci
17%
6.090 pop Jary
17%
30,63 km² Nowy Fordon
17%
1.91 km² Okole
17%
2,84 km² Prądy
17%
1.037 pop Siernieczek
17%
4.731 pop Skrzetusko
17%
B- Bajka
8%
12.297 pop Bocianowo
8%
39 pop..... Czersko Polskie
8%
1.10 km² Górzyskowo
8%
C- Czarnówka
0%
0,12 km² Dzielnica muzyczna
0%
930 pop Filsy
0%
around 15k pop Osiedle Tatrzańskie
0%
O- T- N- Osiedle Terenów Nadwiślanych
0%
najstarsza część Bydgoszczy/oldest part of Bydgoszcz Stare miasto w Bydgoszczy
0%
Nie znaleziono quizów pasujących do podanych kryteriów
Rozkład punktacji
Procent ludzi z każdym wynikiem
Percentyl według liczby udzielonych odpowiedzi
Twoja historia wyników
Nie rozwiązałeś tego quizu